Country word scramble - Statistics

General Stats
  • This quiz has been taken 38 times
  • The average score is 12 of 15
Answer Stats
Scramble Country % Correct
Htubna Bhutan
94%
Lhiec Chile
94%
Hinca China
94%
Sola Laos
91%
Yiras Syria
91%
Hanga Ghana
85%
Upala Palau
85%
Samabha Bahamas
82%
Dolmavo Moldova
82%
Zeible Belize
73%
Nuautva Vanuatu
73%
Lreiadn Ireland
67%
Dnoranr Andorra
58%
Giarnetana Argentina
58%
Ciniomda Dominica
58%
No matching quizzes found
Score Distribution
Percent of People with Each Score
Percentile by Number Answered
Your Score History
You have not taken this quiz